Rural marketing (Record no. 18275)

MARC details
000 -LEADER
fixed length control field 00499nam a2200193Ia 4500
008 - FIXED-LENGTH DATA ELEMENTS--GENERAL INFORMATION
fixed length control field 220501s2016 xx 000 0 eng d
020 ## - INTERNATIONAL STANDARD BOOK NUMBER
International Standard Book Number 9789332543607
082 ## - DEWEY DECIMAL CLASSIFICATION NUMBER
Classification number 658.8 KAS-R
100 ## - MAIN ENTRY--PERSONAL NAME
Personal name Kashyap, Pradeep
245 #0 - TITLE STATEMENT
Title Rural marketing
Statement of responsibility, etc Pradeep Kashyap
250 ## - EDITION STATEMENT
Edition statement 3rd
260 ## - PUBLICATION, DISTRIBUTION, ETC. (IMPRINT)
Place of publication, distribution, etc Noida
Name of publisher, distributor, etc Pearson
Date of publication, distribution, etc 2016
300 ## - PHYSICAL DESCRIPTION
Extent / Pages xxv, 318p.
650 ## - SUBJECT ADDED ENTRY--TOPICAL TERM
Topical term or geographic name as entry element Rural industries
650 ## - SUBJECT ADDED ENTRY--TOPICAL TERM
Topical term or geographic name as entry element Rural marketing
650 ## - SUBJECT ADDED ENTRY--TOPICAL TERM
Topical term or geographic name as entry element Small business marketing
650 ## - SUBJECT ADDED ENTRY--TOPICAL TERM
Topical term or geographic name as entry element Target marketing
942 ## - ADDED ENTRY ELEMENTS (KOHA)
Source of classification or shelving scheme
Koha item type Reference Books
942 ## - ADDED ENTRY ELEMENTS (KOHA)
-- 1
Holdings
Withdrawn status Lost status Source of classification or shelving scheme Damaged status Not for loan Home library Current library Date acquired Source of acquisition Full call number Barcode Date last seen Copy number Bill Date Koha item type Bill Number Total Checkouts Date last borrowed
          SOBD Library SOBD Library 01/06/2022 Vedi Books 658.8 KAS-R1 001983 01/07/2022 1 18/04/2022 Reference Books VEDI/22-23/04/21    
          SOBD Library SOBD Library 01/06/2022 Vedi Books 658.8 KAS-R2 001984 12/10/2023 2 18/04/2022 Books VEDI/22-23/04/21 1 24/11/2022
Hosted, Implemented, Customized & Maintained by: BestBookBuddies

Powered by Koha